000 00886nam a2200241 i 4500
001 9400
003 ES-MaACL
005 20251108134000.0
007 t|
008 930826s1991 sp ||||1| spa d
020 _a84-86568-41-2
080 _a92 Ponce de Cabrera, Conde de Zamora
100 1 _aFernández-Xesta y Vázquez, Ernesto.
_950170
245 1 3 _aUn Magnate catalán en la corte de Alfonso VII
_b: "Comes Poncius de Cabreira, Princeps Çemore" /
_cErnesto Fernández-Xesta y Vázquez.
260 _aMadrid :
_bPrensa y Ediciones Iberoamericanas,
_cD.L. 1991.
300 _a238 p. :
_bil. col. y n. ;
_c23 cm.
490 1 _aEl Persevante Borgoña ;
_v2
500 _aIndice.
600 0 4 _aPonce de Cabrera,
_cConde de Zamora-
_xGenealogía
_992945
830 0 _aEl Persevante Borgoña ;
_v2
_9178469
852 _aES-MaACL
_jL-16834
_bR.121612
999 _c9400
_d9400